| 000 | 00398nam a22001577a 4500 | ||
|---|---|---|---|
| 005 | 20180327155859.0 | ||
| 008 | 160503b xxu||||| |||| 00| 0 eng d | ||
| 041 | _aeng | ||
| 082 |
_b1174 _a338.7 |
||
| 100 |
_aCherunilam Francis _9393 |
||
| 245 | _aBusiness Enviroment Text & Cases | ||
| 260 |
_aMumbai _bHimalya Publishing House, _c2003 |
||
| 300 | _a717 | ||
| 650 |
_aManagement _9241 |
||
| 942 | _cBK | ||
| 999 |
_c466 _d466 |
||